| 000 | 00992cab a2200205 4500 | ||
|---|---|---|---|
| 001 | WB2413-23 | ||
| 008 | 090401t1988 xxu||||| |||| 00| 0 eng d | ||
| 035 | _a(Sirsi) u68209 | ||
| 041 | _aeng | ||
| 245 | _aLandlords intention apt in letting | ||
| 260 | _c1988 | ||
| 350 | _a0 | ||
| 490 |
_aTimes _v23/3/88, p20 |
||
| 520 | _aIn Antoniades v Villiers and another, CA 17 March 1988, it was held that in determining whether residential accommodation was let to occupiers as tenants or licensees, where a court had decided that a written agreement between the parties was to be discarded as a sham, it had to be shown not only that the occupiers intended to enjoy a right to exclusive possession but also that the landlord shared that intention before a tenancy could be held to exist. | ||
| 650 | _aLICENCES | ||
| 650 | _aPROPERTY-RESIDENTIAL PROPERTY-RESIDENTIAL LANDLORD AND TENANT-RESIDENTIAL TENANCIES | ||
| 690 |
_aLandlord and tenant _96252 |
||
| 942 | _n0 | ||
| 948 | _c04/03/1997 | ||
| 999 |
_c42774 _d42774 |
||